| 000 | 00814nam a22002297a 4500 | ||
|---|---|---|---|
| 999 |
_c4213 _d4213 |
||
| 003 | AR-CdUCM | ||
| 008 | 190308b ||||| |||| 00| 0 spa d | ||
| 040 |
_aMUNICIPALIDAD PROVINCIAL DEL CUSCO _cBIBLIOTECA MUNICIPAL DEL CUSCO |
||
| 082 |
_a793.31 / _bF83 |
||
| 100 |
_aFrisancho Pineda, Ignacio _913339 |
||
| 245 | _aLa diablada puneña / | ||
| 260 |
_aLima : _bDecisión Gráfica, _c1999. |
||
| 300 |
_a67 páginas ; _bfotografías. _c24 cm. |
||
| 505 | _aLas profundas raíces de la danza -- La diablada -- Hacia dancística y música prehipánica -- Evolución de los conceptos de la figura del diablo... | ||
| 650 |
_aDanza. _96045 |
||
| 650 |
_aPuno. _93897 |
||
| 650 |
_aDiablada. _913340 |
||
| 650 |
_aHerencia. _99110 |
||
| 650 |
_aTradición. _92713 |
||
| 942 |
_2ddc _cLIBROS |
||
| 945 |
_awfj _d2019-03-08 |
||